Jaka to droga? - Statystyki

Ogólne statystyki
  • Ten quiz został rozwiązany 90 razy
  • Średni wynik to 8 z 15
Statystyki odpowiedzi
Relacja Numer drogi % Poprawnych
Świecko - Terespol 2
96%
Kudowa Słone - Budzisko 8
81%
Gdańsk - Chyżne 7
64%
Świnoujście - Szklarska Poręba 3
59%
Kołbaskowo - Rusocin 6
55%
Zakręt - Hrebenne 17
53%
Rabka-Zdrój - Zakopane 47
51%
Warszawa - Suwałki 61
49%
Łęknica - Dorohusk 12
48%
Ostróda - Ogrodniki 16
43%
Kostrzyn nad Odrą - Szczecin 31
41%
Warszawa - Bytom 79
39%
Warszawa - Puławy 801
28%
Katowice - Gliwice 902
28%
Nowy Dwór Maz. - Warszawa 631
19%
Nie znaleziono quizów pasujących do podanych kryteriów
Rozkład punktacji
Procent ludzi z każdym wynikiem
Percentyl według liczby udzielonych odpowiedzi
Twoja historia wyników
Nie rozwiązałeś tego quizu